Les albums de Dinos - Statistiques

Statistiques générales
  • Ce quiz a été pris 40 fois
  • Le résultat moyen est 7 sur 10
Statistiques - réponses
Réponse % Correct
2022 Hiver à Paris
85%
2018 Imany
81%
2018 Imany Deluxe
81%
2020 Taciturne
81%
2020 Taciturne, les inachevés
81%
2020 Stamina,
77%
2021 Stamina, Memento
77%
2025 KINTSUGI
65%
2013 L'alchimiste
35%
2015 Apparences
23%
Aucun quiz correspondant
Distribution des résultats
% des personnes avec chaque résultat
Percentile par nombre de réponses
Votre historique - résultats
Vous n’avez pas pris ce quiz